| 000 | 00773nam a22001817a 4500 | ||
|---|---|---|---|
| 003 | OSt | ||
| 005 | 20251107132421.0 | ||
| 008 | 251107b |||||||| |||| 00| 0 eng d | ||
| 040 | _c0 | ||
| 082 | _aDPer 372.83044 SoI31 September 2022-April 2023 v. 35 n. 1-4 | ||
| 100 |
_aJackson, Jarvais J. _eauthor. _969301 |
||
| 245 |
_aStarting with the man in the mirror : _ba black male teacher use of African diaspora literacy to reckon with black consciousness / _cJarvais J. Jackson. |
||
| 260 |
_aNCSS Publication ; _cJanuary-February 2023. |
||
| 300 |
_aVolume 35, pages 20-25 : _billustration ; _c28 cm. |
||
| 500 | _aSocial Studies and the Young Learner, vol. 35, no. 3, pages 20-25, January/February 2023. | ||
| 700 |
_aJackson, Jarvais J. _eauthor. _969301 |
||
| 942 |
_2ddc _cPER |
||
| 999 |
_c24173 _d24173 |
||